000 00549nam a22001937a 4500
003 LC
005 20170227160207.0
008 121211t xxu||||| |||| 00| 0 eng d
020 _a9716220049
050 _aBD 435
_b.J63 2002
082 _aFIL 303.372
_bJ58 1997
100 _aJocano, F. Landa
245 _aFilipino value system :
_cF. Landa Jocano.
_ba cultural definition /
260 _aManila :
_bPunlad Research House,
_c2002.
300 _a123 p. :
_bill. ;
_c23 cm.
650 _aFilipinos
_xValues
942 _2lcc
_cBK
999 _c1630
_d1630